| 000 | 00701nam a22002177a 4500 | ||
|---|---|---|---|
| 003 | UA-OsUOA | ||
| 001 | 65454 | ||
| 007 | ta | ||
| 008 | 20091124b un ||||| |||| 00| 0 ukr d | ||
| 100 | _aГоловнин М.Ю. | ||
| 090 |
_a330 _bГ61 |
||
| 942 | _cSA | ||
| 040 |
_aUA-OsUOA _brus _cUA-OsUOA _dUA-OsUOA |
||
| 245 | _aНовые вызовы для денежно-кредитной политики в условиях глобализации: финансовые кризисы | ||
| 300 | _aС.24-32 | ||
| 955 | _a0 | ||
| 041 | _arus | ||
| 080 | _a330 | ||
| 773 | 0 |
_w65453 _tМеждународная экономика _dМ. _d2009 _g6 |
|
| 650 | 7 |
_a330 Економіка взагалі _2UDC |
|
| 999 |
_c352624 _d352624 |
||